| 000 | 00987nam2a22002411 4500 | ||
|---|---|---|---|
| 001 | RU\NLR\Per\943766 | ||
| 005 | 20250617201810.0 | ||
| 035 | _a(NLR Aleph) 003181833 | ||
| 090 |
_a3283853 _c3283853 |
||
| 100 | _a20130515d2013 |||y0rusy50 ca | ||
| 101 | 0 | _arus | |
| 102 | _aRU | ||
| 105 | _ay ||||000|y | ||
| 200 | 0 | _a2013, 1 | |
| 210 |
_d2013 _aБ. м. |
||
| 461 | 0 |
_1001RU\NLR\INFOCOMM21\5000120832 _12001#$aМясная индустрия$eДвухмес. произв. науч.-техн. журн.$fУчредители: Ред. журн. "Мясн. индустрия" и др.$v2013, 1 _93053855 _cМ. _d1930-1987, 1992 - _fУчредители: Ред. журн. "Мясн. индустрия" и др. _oДвухмес. произв. науч.-техн. журн. _tМясная индустрия _x2618-8252 _v2013, 1 |
|
| 801 | 1 |
_aRU _bInfoComm _c20050419 |
|
| 801 | 0 |
_aRU _bNLR _gPSBO |
|
| 852 |
_aNLR _jП10/75 |
||
| 942 | _cISSUE | ||
| 980 | _aNB | ||
| 980 | _aRUSPER | ||